Normal view
MARC view
- Kezunovic, Mladen
Entry Personal Name
001 - CONTROL NUMBER
- control field: 115234
003 - CONTROL NUMBER IDENTIFIER
- control field: NUST
005 - DATE AND TIME OF LATEST TRANSACTION
- control field: 20230912165235.0
008 - FIXED-LENGTH DATA ELEMENTS
- fixed length control field: 230912|| aca||aabn | a|a d
040 ## - CATALOGING SOURCE
- Original cataloging agency: NUST
- Transcribing agency: NUST
100 ## - HEADING--PERSONAL NAME
- Personal name: Kezunovic, Mladen
670 ## - SOURCE DATA FOUND
- Source citation: Work cat.: (NUST): Kezunovic, Mladen., Design modeling and evaluation of protective relays for power systems/, 2016
